000 00580nam a2200157 4500
001 118525
003 ES-MaACL
005 20230906191122.0
007 t|
008 070214s1904 sp r ||||1| spa d
100 1 _aPareja Serrada, Antonio.
_989067
245 1 3 _aLa Alcarria
_b: su historia, su presente y su porvenir : conferencias pronunciadas en el Centro Alcarreño los días 26 marzo y 7 mayo de 1904 /
_cpor D. Antonio Pareja Serrada.
260 _aGuadalajara :
_b[s. n.],
_c1904 (
_fEst. tip. `La Región`)
300 _a35 p. ;
_c21 cm.
852 _aES-MaACL
_jT-1040-F-5
999 _c118525
_d118525